[Event "Yingmei Cup CHN-chT 2017"]
[Site "?"]
[Date "2017.08.20"]
[Round "14"]
[White "Xu, Zhihang"]
[Black "Liu, Guanchu"]
[Result "1/2-1/2"]
[WhiteElo "2155"]
[BlackElo "2437"]
[Annotator "TA"]
[PlyCount "132"]
[EventDate "2017.??.??"]
[SourceTitle "Wuxi"]

1. d4 e6 2. Nf3 Nf6 3. c4 b6 4. a3 Bb7 5. Nc3 d5 6. cxd5 Nxd5 7. e3 Be7 8. Bb5+
c6 9. Bd3 c5 10. Bb5+ {E12: Queen's Indian: Unusual White 4th moves, 4 a3, 4
Nc3 Bb7 5 a3 and 4 Nc3 Bb7} (10. O-O cxd4 11. exd4 Nd7 12. Qe2 O-O 13. Ne4 N5f6
14. Nc3 Qc7 15. Bg5 h6 16. Bh4 Qf4 17. Bg3 Qg4 18. Ba6 Bxa6 19. Qxa6 Qf5 20.
Rac1 Qa5 {1-0 (46) Li,C (2720)-Eljanov,P (2759) Sharjah 2017}) 10... Bc6 11.
Bd3 $146 ({Predecessor:} 11. Bxc6+ Nxc6 12. Qa4 Qd7 13. Nxd5 exd5 14. dxc5 bxc5
15. O-O O-O 16. Bd2 Rfd8 17. Qc2 d4 18. exd4 Nxd4 19. Nxd4 cxd4 {1/2-1/2 (60)
Dgebuadze,A (2470)-Munoz Moreno,F (2320) Malaga 1998}) 11... cxd4 12. exd4 O-O
13. O-O Nd7 {LiveBook: 3 Games} 14. Ne4 N5f6 15. Qe2 Bxe4 16. Bxe4 Nxe4 17.
Qxe4 Nf6 18. Qb7 Nd5 19. Bd2 Qe8 20. Qa6 Qc8 21. Qxc8 Rfxc8 22. Rfc1 f6 23. h4
h6 24. Kf1 g5 25. hxg5 hxg5 26. Ke2 Kf7 27. g4 Bd6 28. Be3 Rh8 29. Rh1 Rac8 30.
Kd3 Nf4+ 31. Bxf4 Bxf4 32. Rae1 Rcd8 33. Kc4 Rc8+ (33... b5+ $5 34. Kd3 a5 $15)
34. Kd3 b5 35. Rd1 Ke7 36. Rxh8 Rxh8 $11 {Endgame KRB-KRN} 37. Ke4 Rc8 {
...Rc2 is the strong threat.} 38. Ne1 $1 Rc4 39. Nd3 {The position is equal.}
Bc7 (39... Be5 {feels hotter.} 40. Nxe5 fxe5 41. Kxe5 Rc2 42. Re1 Rxf2 43. d5
Rxb2 44. dxe6 b4) 40. Rc1 Rxc1 41. Nxc1 {KB-KN} Bb6 42. Nd3 Kd6 43. f4 gxf4 44.
Nxf4 {[#]} f5+ $1 45. gxf5 exf5+ 46. Kd3 Bd8 47. Ne2 Bg5 48. Ng3 Ke6 49. Ne2 a6
50. b3 Kd5 51. Nc3+ Kc6 52. Ne2 Be7 53. a4 Bd6 54. d5+ Kxd5 {White must now
prevent ...bxa4.} 55. axb5 a5 56. Nd4 f4 57. Nf3 Kc5 58. Nd4 Kd5 (58... Be5 $5
59. Nc6 Bd6 $11) 59. Nf3 Bc7 60. Nd4 Bb6 61. Nf3 Kc5 62. Ke4 Kb4 63. Nd2 Kxb5 {
White should prevent ...Be3.} 64. Kxf4 Kb4 65. Nc4 Kxb3 {[#]} 66. Nxa5+ $1 Bxa5
{Precision: White = 64%, Black = 65%.} 1/2-1/2

[Event "Yingmei Cup CHN-chT 2017"]
[Site "?"]
[Date "2017.08.20"]
[Round "14"]
[White "Zhu, Jiner"]
[Black "Stefanova, Antoaneta"]
[Result "0-1"]
[WhiteElo "2154"]
[BlackElo "2510"]
[Annotator "TA"]
[PlyCount "104"]
[EventDate "2017.??.??"]
[SourceTitle "Wuxi"]

1. e4 e5 2. Nf3 Nc6 3. Bb5 a6 4. Ba4 Nge7 5. d4 exd4 6. Nxd4 g6 {C70: Ruy
Lopez: 3...a6 4 Ba4, Norwegian and Delayed Schliemann} 7. Bg5 Bg7 8. Nxc6 bxc6
9. Nc3 Rb8 {LiveBook: 4 Games} (9... h6 10. Be3 O-O 11. Qd2 Kh7 12. O-O-O d6
13. e5 Bg4 14. exd6 cxd6 {1-0 (49) Zhigalko,A (2628)-Zubarev,A (2546) Pavlodar
2013}) 10. Bb3 d6 $146 ({Predecessor:} 10... d5 11. exd5 h6 12. Be3 cxd5 13.
Bd4 O-O 14. Bxg7 Kxg7 {0-1 (89) Stojic,D (2252) -Demuth,A (2521) Brisbane 2017}
) 11. Qd2 h6 12. Be3 c5 13. O-O-O Nc6 14. e5 ({White should try} 14. Rhe1 $16)
14... Nxe5 $11 15. Bxc5 Bg4 16. Ba7 Rxb3 (16... Bxd1 $11 17. Rxd1 Ra8) 17. axb3
$14 {And now f3 would win.} Bxd1 18. Rxd1 Qa8 19. Bd4 (19. Be3 $16) 19... Qxg2
$15 20. f4 (20. Bb6 $15) 20... Qxd2+ $17 21. Rxd2 c5 22. Bxe5 dxe5 23. fxe5
Bxe5 {Endgame Hoping for ...Bf4. KRB-KRN} 24. Re2 f6 25. Ne4 {With the idea
Nxf6+.} Kf7 26. Nxc5 a5 27. Nd3 Bd6 28. c4 Rc8 29. Kb1 Be7 30. Kc2 g5 31. Kc3 {
[#]} (31. Rf2 $15) 31... f5 $1 32. b4 axb4+ 33. Nxb4 Bf6+ 34. Kb3 Bd4 (34... f4
$17 35. Nd3 f3) 35. Nd3 f4 36. Re4 Be3 37. Kc3 Kg6 38. h3 h5 39. b4 Rf8 {
...g4 is the strong threat.} 40. Ne1 $2 (40. Re6+ $1 $11 Rf6 41. Re7) 40... Kf5
$19 41. Re7 {intending Nc2.} g4 42. hxg4+ hxg4 43. Ng2 $2 (43. c5 Rd8 44. Kc4)
43... Bf2 44. Kd3 Rd8+ 45. Ke2 f3+ 46. Kxf2 {KRN-KR} Rd2+ 47. Kf1 Rxg2 48. Rf7+
Ke4 49. c5 Rc2 50. Re7+ Kf4 {[#] ( -> ...g3)} 51. Re1 g3 52. Rb1 Rh2 {
Precision: White = 33%, Black = 83%.} 0-1

[Event "Yingmei Cup CHN-chT 2017"]
[Site "?"]
[Date "2017.08.20"]
[Round "14"]
[White "Nie, Xin"]
[Black "Hong, Xing"]
[Result "1/2-1/2"]
[WhiteElo "2084"]
[BlackElo "1982"]
[Annotator "NA"]
[PlyCount "84"]
[EventDate "2017.??.??"]
[SourceTitle "Wuxi"]
[TimeControl "5400+30"]

1. d4 Nf6 2. c4 e5 3. dxe5 Ng4 4. Nf3 Bc5 5. e3 Nc6 6. a3 a5 7. b3 O-O 8. Bb2 {
LiveBook: 13 Games} Re8 $1 9. Be2 Ngxe5 10. O-O Nxf3+ {A52: Budapest Gambit}
11. Bxf3 Ne5 12. Nc3 (12. Be2 Ra6 13. Nd2 Rh6 14. g3 b6 15. Bxe5 Rxe5 16. Bf3
Qe8 17. Re1 Qe6 18. b4 Bf8 19. Qc2 Qh3 20. Nf1 d6 {1-0 (55) Micic,N (2257)
-Andrejic,V (2185) Valjevo 2010}) 12... Ra6 13. Ne4 Bf8 14. Ng3 Qh4 $146 ({
Predecessor:} 14... Nxf3+ 15. Qxf3 Rg6 16. Rad1 d6 17. Rd4 Be7 {1-0 (47)
Ondras,M (1969) -Zvarikova,A (1927) Slovakia 2008}) 15. Be2 Rh6 16. h3 d6 17.
Qd4 Qe7 18. e4 Qh4 19. Nf5 Bxf5 $1 20. exf5 Qd8 (20... Qxd4 $11 21. Bxd4 Be7)
21. f4 ({White should play} 21. Rae1 $16) 21... Nd7 22. Bf3 d5 23. Kh1 (23. b4
$5) 23... dxc4 24. Qxc4 c6 25. Rad1 Qc7 26. Rfe1 $11 Rxe1+ 27. Rxe1 Qd8 28. Rd1
Qc7 29. Qe4 Rd6 30. Re1 Nc5 31. Qc2 Nd3 32. Re3 Nxb2 33. Qxb2 Rd8 34. Re4 Qd6
35. a4 Be7 36. Qe2 Bf8 37. Re5 Qb4 38. Qe3 Bd6 39. Re4 Qc5 40. Qxc5 Bxc5 41.
Be2 Kf8 42. Bc4 Rd4 1/2-1/2

[Event "Yingmei Cup CHN-chT 2017"]
[Site "?"]
[Date "2017.08.20"]
[Round "14"]
[White "Zhang, Lanlin"]
[Black "Liu, Shilan"]
[Result "1-0"]
[WhiteElo "2080"]
[BlackElo "2255"]
[Annotator "NA"]
[PlyCount "91"]
[EventDate "2017.??.??"]
[SourceTitle "Wuxi"]
[TimeControl "5400+30"]

1. e4 c5 2. Nf3 d6 3. d4 cxd4 4. Nxd4 Nf6 5. Nc3 Nc6 6. Be2 e5 7. Nb3 Be7 8.
O-O O-O 9. Kh1 a5 {LiveBook: 77 Games} 10. a4 Nb4 11. Bg5 {[%emt 0:00:07] B59:
Classical Sicilian: 6 Be2 e5 Nb3} (11. f4 Bd7 12. Be3 Rc8 13. Bf3 Qc7 14. Rf2
b6 15. Rd2 Bc6 16. Qg1 Rb8 17. Qe1 Qb7 18. Bf2 Rfe8 19. fxe5 dxe5 {0-1 (52)
Dzhumaev,M (2549)-Li,C (2686) Manila 2013}) 11... Be6 12. f4 Rc8 13. f5 Bc4 14.
Bxc4 Rxc4 15. Bxf6 $146 ({Predecessor:} 15. Qe2 Rc8 16. Rad1 b6 17. Rd2 Qd7 18.
Nb5 Nxe4 19. Qxe4 Bxg5 20. Rxd6 {1/2-1/2 (36) Burnoiu,N (2240)-Wagener,A (2250)
Miercurea Ciuc 1998}) 15... Bxf6 16. Qe2 Rc6 17. Rad1 b6 18. Na1 Qc8 {[#]} 19.
Nb5 $1 Qb8 20. c3 Na6 21. Nb3 Rd8 22. Rd5 Nc7 23. Rd3 Nxb5 24. axb5 Rc7 25.
Rfd1 Be7 26. Nd2 Rdc8 27. Nf1 Rc4 28. Qf3 Qb7 29. Ne3 R4c5 ({But not} 29...
Rxe4 $2 30. Nd5 $18) 30. Nd5 f6 31. Qh5 Bf8 32. Rh3 h6 33. Qg6 Qf7 34. Qg4 Kh8
35. Qe2 Qb7 36. Rg3 Qf7 37. Nxb6 Rb8 38. b4 $18 axb4 39. cxb4 Rxb6 40. bxc5
dxc5 41. Rd5 Rb8 42. h3 Qa7 43. Qc4 Qa1+ 44. Kh2 Qa5 45. Rd7 Qxb5 46. Qf7 1-0

[Event "Yingmei Cup CHN-chT 2017"]
[Site "?"]
[Date "2017.08.20"]
[Round "14"]
[White "Yang, Yijing"]
[Black "Tan, Zhongyi"]
[Result "1/2-1/2"]
[WhiteElo "1910"]
[BlackElo "2508"]
[Annotator "TA"]
[PlyCount "112"]
[EventDate "2017.??.??"]
[SourceTitle "Wuxi"]

1. d4 d6 2. Nf3 Nf6 3. c4 Bg4 4. Nc3 Nbd7 5. e4 e5 6. Be2 Be7 7. O-O O-O 8. Be3
c6 9. d5 c5 10. Ne1 {A53: Old Indian Defence without Nf3} (10. Kh1 Ne8 11. Qd2
Kh8 12. h3 Bxf3 13. Bxf3 h6 14. Bg4 Nef6 15. Be2 Nh7 16. g3 Bg5 17. f4 Bf6 {
1-0 (54) Sakaev,K (2591)-Fridman,R (2507) Germany 2014}) 10... Bxe2 11. Qxe2
Ne8 {LiveBook: 15 Games} 12. Nd3 {White is better.} Bg5 13. f4 (13. f3 $14)
13... exf4 $1 $11 14. Bxf4 Bxf4 $146 ({Predecessor:} 14... Bf6 15. e5 Nxe5 16.
Bxe5 dxe5 17. Nxc5 {1-0 (31) Wenzel,B (2069)-Wolloner,T (2156) Hamburg 2010})
15. Rxf4 Qe7 16. Re1 f6 17. Rf3 g6 18. a3 Ng7 19. b4 Rac8 20. bxc5 Nxc5 21.
Nxc5 Rxc5 22. Nb5 a6 23. Nd4 Rfc8 24. Rc3 Re8 (24... Qc7 $5) 25. Qf2 Qe5 26.
Rf1 Rf8 27. Qe3 {The position is equal.} f5 (27... Rfc8 $5) 28. Nb3 Rc7 29.
exf5 Qxe3+ 30. Rxe3 Nxf5 31. Re4 b5 32. cxb5 axb5 33. g4 Rc4 34. Ref4 Rxf4 35.
Rxf4 Ne3 36. Rxf8+ Kxf8 {Endgame KN-KN} 37. Nd4 b4 38. axb4 Ke7 39. g5 Nxd5 40.
b5 Nb6 41. Kf2 d5 42. Ke3 Kd6 43. h4 Nc4+ 44. Kd3 Kc5 45. Ne6+ Kxb5 46. Kd4 Kc6
47. Nf4 Nb6 48. h5 gxh5 49. Nxh5 Nd7 50. Nf4 Nf8 51. Nxd5 Ne6+ 52. Ke5 Nxg5 53.
Nf6 h6 54. Kf5 Kd6 55. Kg6 Ke6 56. Kxh6 Kxf6 {Precision: White = 63%, Black =
61%.} 1/2-1/2

[Event "Yingmei Cup CHN-chT 2017"]
[Site "?"]
[Date "2017.08.21"]
[Round "15"]
[White "Ding, Liren"]
[Black "Xu, Zhihang"]
[Result "1/2-1/2"]
[WhiteElo "2759"]
[BlackElo "2155"]
[Annotator "TA"]
[PlyCount "94"]
[EventDate "2017.??.??"]
[SourceTitle "Wuxi"]

1. e4 c5 2. Nf3 Nc6 3. d4 cxd4 4. Nxd4 g6 5. c4 Nf6 6. Nc3 Nxd4 7. Qxd4 d6 8.
f3 Bg7 9. Be3 O-O 10. Qd2 a5 {B36: Sicilian: Maroczy Bind: Gurgenidze System}
11. b3 a4 12. b4 Be6 13. Rc1 Nd7 14. Be2 a3 {LiveBook: 4 Games} 15. Nd5 {[#]}
f5 $146 (15... Bxd5 $11 {remains equal.} 16. exd5 (16. cxd5 f5 $14) 16... Bb2)
({Predecessor:} 15... Bxd5 16. exd5 Bb2 17. Rc2 Qc7 18. O-O {1-0 (42) Ehlvest,
J (2614)-Ramirez,A (2547) ICC INT 2009}) 16. exf5 Rxf5 17. O-O Bxd5 18. g4 Re5
{Hoping for ...Bf7.} 19. cxd5 Nb6 20. f4 Rxd5 21. Bc4 e6 22. Bxd5 Nxd5 23. f5
gxf5 ({Black should try} 23... Qf6 $1 $14) 24. gxf5 $16 Qh4 25. Bg5 $2 (25. Bf4
$1 $16 {is necessary to keep the advantage.}) 25... Bd4+ $17 26. Kh1 Qe4+ 27.
Qg2 Qxg2+ 28. Kxg2 Be3 29. Bxe3 (29. Rce1 $17 Bxg5 30. Kh1) 29... Nxe3+ $19 30.
Kg3 (30. Kf3 $142 Nxf1 31. Rxf1) 30... Nxf1+ 31. Rxf1 {Endgame KR-KR} Kf7 32.
Rc1 (32. Rd1 $17 {might work better.}) 32... Rg8+ ({Don't do} 32... exf5 33.
Rc7+ Kf6 34. Rxb7) 33. Kf3 {[#]} (33. Kf2 $17) 33... e5 $1 ({Much less strong
is} 33... exf5 34. Rc3 $17) 34. Rc7+ Kf6 35. Rxb7 Kxf5 36. Rxh7 Rb8 37. Rh6 $2
(37. Rf7+ Ke6 38. Ra7) 37... Rxb4 38. Rxd6 Rb2 $1 39. h4 Rxa2 40. Ra6 e4+ ({Not
} 40... Rh2 41. Kg3 $11) 41. Kg3 e3 42. h5 {[#]} e2 $2 ({Black should play} 
42... Ra1 $1 $19 {( -> ...e2)} 43. Kf3 a2 44. Ra5+ Kf6 45. Ra6+ Kg5) 43. Kf2
$11 {The position is equal.} Ra1 (43... Kg5 $5 44. h6 e1=Q+ 45. Kxe1 Rb2 $11)
44. Kxe2 a2 {...Rh1 is the strong threat.} 45. h6 Rh1 (45... Rg1 $5 46. h7 $8
Rh1 $11) 46. h7 Rxh7 47. Kd3 Ke5 {Precision: White = 29%, Black = 58%.} (47...
a1=Q $5 48. Rxa1 Rh3+ 49. Kd4 Rh4+ 50. Kc5 Rh8 $11) 1/2-1/2

[Event "Yingmei Cup CHN-chT 2017"]
[Site "?"]
[Date "2017.08.21"]
[Round "15"]
[White "Wei, Yi"]
[Black "Grischuk, Alexander"]
[Result "1/2-1/2"]
[WhiteElo "2727"]
[BlackElo "2761"]
[Annotator "TA"]
[PlyCount "69"]
[EventDate "2017.??.??"]
[SourceTitle "Wuxi"]

1. e4 e5 2. Nf3 Nc6 3. Bb5 Nf6 4. d3 Bc5 5. Bxc6 dxc6 6. Nbd2 {C65: Ruy Lopez:
Berlin Defence (3...Nf6), unusual lines and 4 0-0 Bc5} Nd7 (6... O-O 7. Qe2 Re8
8. Nc4 Nd7 9. Bd2 f6 10. h3 Nf8 11. O-O-O Be6 12. Kb1 Qe7 13. Ne3 Qf7 {1/2-1/2
(43) Dominguez Perez,L (2739)-Anand,V (2783) Saint Louis 2017}) 7. Nc4 O-O 8.
O-O Re8 9. Bd2 Bd6 10. Bc3 {LiveBook: 13 Games} c5 11. a4 f6 12. Nh4 Nf8 13. g3
$146 ({Predecessor:} 13. Nf5 Be6 {1/2-1/2 (52) Borisek,J (2565)-Mastrovasilis,
A (2544) Reykjavik 2015}) 13... Bh3 14. Ng2 Qd7 15. f4 exf4 16. gxf4 Bxg2 17.
Kxg2 f5 18. e5 Qc6+ 19. Qf3 Qxf3+ 20. Kxf3 Be7 21. Ne3 g6 22. Rh1 (22. Rg1 $5)
22... Red8 23. h4 {h5 is the strong threat.} h5 $1 24. Kg3 Ne6 25. Nc4 b6 26.
Nd2 Bf8 27. Rhf1 a6 28. Nf3 Kf7 29. b3 Rd5 30. Bd2 Rad8 31. Ra2 R5d7 32. Be3
Rd5 33. Bd2 R5d7 34. Be3 Rd5 35. Bd2 {Precision: White = 42%, Black = 55%.} ({
Better is} 35. Ng5+ $14 Nxg5 36. hxg5) 1/2-1/2

[Event "Yingmei Cup CHN-chT 2017"]
[Site "?"]
[Date "2017.08.21"]
[Round "15"]
[White "Malakhov, Vladimir"]
[Black "Wang, Yiye"]
[Result "1-0"]
[WhiteElo "2714"]
[BlackElo "2425"]
[Annotator "TA"]
[PlyCount "49"]
[EventDate "2017.??.??"]
[SourceTitle "Wuxi"]

1. Nf3 Nf6 2. c4 c5 3. Nc3 b6 4. e4 d6 5. d4 cxd4 6. Nxd4 Bb7 7. f3 Nbd7 8. Be3
e6 9. Be2 Be7 10. O-O O-O 11. Qd2 a6 12. Rfd1 Re8 13. Bf1 Qc7 14. Rac1 Rac8 15.
Qf2 Qb8 16. Kh1 Bd8 {LiveBook: 26 Games} 17. h3 {[%emt 0:00:03] A1:
Symmetrical English: 2 Nf3 Nf6 3 d4} Bc7 18. b4 d5 ({Black should try} 18... h6
$14) (18... Ne5 19. Nb3 Ba8 20. c5 dxc5 21. Bxa6 c4 22. Bxc8 Rxc8 23. Nb5 cxb3
24. Rxc7 Rxc7 25. Nxc7 Qxc7 26. Bxb6 {1-0 (35) Malakhov,V (2709)-Mista,A (2562)
Warsaw 2012}) 19. cxd5 $16 {White is better.} Bg3 (19... exd5 $16 20. Nxd5 Bg3
21. Nxf6+ Nxf6) 20. Qd2 $18 exd5 {[#]} 21. Nf5 $146 ({Predecessor:} 21. Nxd5
Bxd5 22. Rxc8 Qxc8 23. exd5 Nxd5 {0-1 (42) Szabo,K (2226)-Bui,V (2420)
Budapest 2002}) 21... dxe4 {[#]} (21... Bd6 $142) 22. f4 $1 Nh5 (22... Ne5 $142
23. Nxg3 Nd3 24. Bxd3 exd3) 23. Qxd7 {White is clearly winning.} Bxf4 (23...
Rcd8 $142 24. Nh6+ gxh6 25. Qg4+ Kh8 26. Qxh5 Bxf4 27. Qxf7 Be5) 24. Bxf4 Qxf4
25. Ne2 1-0

[Event "Yingmei Cup CHN-chT 2017"]
[Site "?"]
[Date "2017.08.21"]
[Round "15"]
[White "Bu, Xiangzhi"]
[Black "Zeng, Chongsheng"]
[Result "1/2-1/2"]
[WhiteElo "2713"]
[BlackElo "2536"]
[Annotator "TA"]
[PlyCount "71"]
[EventDate "2017.??.??"]
[SourceTitle "Wuxi"]

1. d4 Nf6 2. Nf3 g6 3. Bf4 Bg7 4. c3 O-O 5. h3 (5. e3 d6 6. h3 b6 7. a4 a5 8.
Nbd2 Bb7 9. Bb5 Nbd7 10. O-O Re8 11. Bh2 Qc8 12. Re1 c6 13. Bd3 Ba6 14. Nc4 Qb7
{1/2-1/2 (106) Kamsky,G (2676)-Nepomniachtchi,I (2751) Sochi 2017}) 5... b6 6.
Nbd2 {A48:1 d4 Nf6 2 Nf3 g6: Torre, London and Colle Systems} Bb7 7. e3 d6 8.
a4 a6 9. Bc4 Nbd7 10. O-O {LiveBook: 10 Games} Qe8 11. Bh2 e5 12. Qe2 Qe7 13.
dxe5 $146 ({Predecessor:} 13. Rfd1 Kh8 14. dxe5 dxe5 15. e4 Ne8 16. Bd5 c6 17.
Bb3 Nd6 {0-1 (38) Petrov,J (2390)-Jankovic,A (2582) Mali Losinj 2017}) 13...
dxe5 14. e4 Ne8 15. Rfe1 Nd6 16. Bd5 c6 17. Ba2 a5 18. Nc4 Nxc4 19. Bxc4 Nc5
20. Qc2 Kh8 21. b4 axb4 22. cxb4 Na6 23. Rab1 (23. Bxa6 $5 Rxa6 24. Reb1 $15)
23... f6 24. Bxa6 Rxa6 25. Nd2 Rfa8 26. Nc4 b5 27. axb5 cxb5 28. Na5 Rd6 29.
Qe2 Qd7 30. Rbd1 {[#] aiming for Rxd6.} Raa6 31. f4 Ba8 32. fxe5 fxe5 33. Bg3
h5 34. Nb3 {Nc5 is the strong threat.} Rxd1 35. Rxd1 Rd6 $1 36. Ra1 {Precision:
White = 73%, Black = 73%.} 1/2-1/2

[Event "Yingmei Cup CHN-chT 2017"]
[Site "?"]
[Date "2017.08.21"]
[Round "15"]
[White "Wang, Yue"]
[Black "Li, Chao b"]
[Result "1/2-1/2"]
[WhiteElo "2706"]
[BlackElo "2735"]
[Annotator "TA"]
[PlyCount "46"]
[EventDate "2017.??.??"]
[SourceTitle "Wuxi"]

1. d4 Nf6 2. c4 e6 3. Nf3 d5 4. Nc3 c5 5. cxd5 Nxd5 6. e4 Nxc3 7. bxc3 cxd4 8.
cxd4 Bb4+ 9. Bd2 Bxd2+ 10. Qxd2 O-O 11. Bc4 Nd7 12. O-O b6 13. Rad1 Bb7 14.
Rfe1 Rc8 {[%emt 0:00:05] D41: Queen's Gambit Declined: Semi-Tarrasch with cxd5}
15. Bb3 Qe7 (15... Nf6 16. d5 exd5 17. exd5 Rc5 18. Re5 Qd6 19. h3 h6 20. Qf4
Nd7 21. Re4 Qxf4 22. Rxf4 {0-1 (56) Li,C (2755) -Harikrishna,P (2763)
Stavanger 2016}) 16. Qf4 Qf6 17. Qe3 Rfd8 18. h3 h6 19. Rd2 {LiveBook: 4 Games.
The position is equal.} Qe7 20. Qf4 {[#]} Qf6 $146 ({Predecessor:} 20... Rc3
21. d5 exd5 22. Bxd5 Bxd5 23. Rxd5 {0-1 (37) Berchtenbreiter,M (2421)-Socko,B 
(2654) Yerevan 2014}) 21. Qe3 Qe7 22. Qf4 Qf6 23. Qe3 Qe7 1/2-1/2

[Event "Yingmei Cup CHN-chT 2017"]
[Site "?"]
[Date "2017.08.21"]
[Round "15"]
[White "Moiseenko, Alexander"]
[Black "Liu, Qingnan"]
[Result "1/2-1/2"]
[WhiteElo "2671"]
[BlackElo "2502"]
[Annotator "TA"]
[PlyCount "75"]
[EventDate "2017.??.??"]
[SourceTitle "Wuxi"]

1. d4 d5 2. c4 e6 3. Nf3 Nf6 4. Nc3 Be7 5. Bf4 O-O 6. e3 c5 7. dxc5 Bxc5 8.
cxd5 Nxd5 9. Nxd5 exd5 10. a3 Nc6 11. Bd3 Bd6 12. Bxd6 {[%emt 0:00:05] D37:
Queen's Gambit Declined: Bf4} (12. Qa4 Bxf4 13. Qxf4 d4 14. O-O dxe3 15. Rad1
Qf6 16. fxe3 Qxf4 17. exf4 Re8 18. Bb5 Be6 19. Ne5 Rac8 {1/2-1/2 (36)
Mamedyarov,S (2772)-Adams,M (2761) Shamkir 2017}) 12... Qxd6 13. O-O {LiveBook:
16 Games} Rd8 14. Qe2 $146 {White is slightly better.} ({Predecessor:} 14. Rc1
Qf6 15. Qa4 h6 16. Nd4 Bd7 17. Rc5 Nxd4 {1/2-1/2 (17) Sladek,V (2085)-Daroczy,
S (1979) ICCF email 2009}) 14... Bg4 15. h3 Bxf3 16. Qxf3 Ne5 17. Qe2 Qf6 18.
Rfd1 Rac8 19. Bc2 Nc6 20. Ba4 a6 21. Bxc6 Rxc6 22. Rd2 g6 23. Rad1 Rdc8 24. g3
Rc1 25. Kg2 Rxd1 26. Qxd1 $14 {Endgame KQR-KQR} Rc5 27. Rd4 ({Much weaker is} 
27. Rxd5 Rxd5 28. Qxd5 Qxb2 $11) ({White should try} 27. b4 $16 Rc3 28. Rxd5)
27... Qc6 $1 $11 {The position is equal.} 28. b4 Rc1 29. Qf3 Qb5 {[#] ( -> ...
Qf1+)} 30. g4 Qf1+ 31. Kg3 Qg1+ $1 32. Kh4 h6 $1 {aiming for ...Rf1.} 33. Rxd5
{[#] Rd7 would kill now.} Rc2 34. Rd8+ Kg7 35. Rd7 Qxf2+ 36. Qxf2 Rxf2 37. Kg3
Ra2 38. Rxb7 {Precision: White = 59%, Black = 66%.} 1/2-1/2

[Event "Yingmei Cup CHN-chT 2017"]
[Site "?"]
[Date "2017.08.21"]
[Round "15"]
[White "Lu, Shanglei"]
[Black "Fang, Yuxiang"]
[Result "1/2-1/2"]
[WhiteElo "2620"]
[BlackElo "2498"]
[Annotator "TA"]
[PlyCount "74"]
[EventDate "2017.??.??"]
[SourceTitle "Wuxi"]

1. e4 e5 2. Bc4 Nf6 3. d3 c6 4. Nf3 d5 5. Bb3 Qc7 (5... Bb4+ 6. Bd2 Bd6 7. Nc3
dxe4 8. Ng5 O-O 9. Ncxe4 Be7 10. h4 Nbd7 11. Qf3 Qe8 12. O-O-O a5 13. a3 {
1-0 (23) Caruana,F (2817)-Akobian,V (2645) chess.com INT 2017}) 6. O-O {
C24: Bishop's Opening: 2.. .Nf6} dxe4 $146 ({Predecessor:} 6... Bd6 7. Nc3 dxe4
8. dxe4 Nbd7 9. Bg5 h6 10. Bh4 g5 11. Bg3 Nc5 12. Nd2 Be6 13. Bxe6 Nxe6 {
0-1 (38) Izquierdo,D (2277) -Coppola,C (2092) Montevideo 2011}) 7. Ng5 Bg4 8.
Qe1 {White is slightly better.} Bh5 9. Nxe4 Nxe4 10. Qxe4 Nd7 11. f4 {Black
should prevent d4.} Bc5+ 12. Kh1 $1 O-O-O 13. fxe5 {[#] Black must now prevent
Bf4.} Bg6 14. Qg4 {aiming for d4.} Qxe5 15. Bf4 Qh5 16. Qg3 Nf6 17. Nd2 Qg4 18.
Nc4 Qxg3 19. Bxg3 Rhe8 20. Rae1 Rxe1 21. Rxe1 Re8 (21... Nh5 $11) 22. Rxe8+ $16
Nxe8 23. Ne5 Bd4 24. Nxf7 Bf5 {[#]} 25. c3 (25. Be5 $1 $16 Bxe5 26. Nxe5) 25...
Be3 $1 $11 26. Bc2 Be6 27. Ne5 Bxa2 28. b3 Nf6 29. d4 (29. c4 $11) 29... Nd5
$15 30. Be1 c5 31. dxc5 Bxc5 32. b4 Be7 {Black is slightly better.} 33. Bxh7
Bf6 34. Nf7 Bxc3 35. Nd6+ Kd7 36. Bxc3 Nxc3 37. Nxb7 Kc6 {Precision: White =
52%, Black = 59%.} 1/2-1/2

[Event "Yingmei Cup CHN-chT 2017"]
[Site "?"]
[Date "2017.08.21"]
[Round "15"]
[White "Zhao, Jun"]
[Black "Andreikin, Dmitry"]
[Result "1/2-1/2"]
[WhiteElo "2616"]
[BlackElo "2712"]
[Annotator "TA"]
[PlyCount "46"]
[EventDate "2017.??.??"]
[SourceTitle "Wuxi"]

1. e4 e5 2. Nf3 Nc6 3. Nc3 Nf6 4. d4 exd4 5. Nxd4 Bb4 6. Nxc6 bxc6 7. Bd3 O-O
8. O-O d5 9. exd5 cxd5 10. Bg5 c6 11. Qf3 Rb8 12. Ne2 {[%emt 0:00:04] C7:
Scotch Four Knights and Four Knights with 4 g3} Bg4 13. Bxf6 Bxf3 14. Bxd8 Bxe2
15. Bxe2 Rfxd8 {[#] LiveBook: 10 Games. The position is equal.} 16. a3 $146 ({
Predecessor:} 16. Rfd1 Be7 17. Rab1 Bf6 18. b3 Kf8 19. c4 dxc4 20. Bxc4 Rxd1+
21. Rxd1 {1/2-1/2 (30) Kuzubov, Y (2646)-Kravtsiv,M (2657) Kocaeli 2017}) 16...
Be7 17. b4 Bf6 18. Rab1 Re8 19. Bd3 Bc3 20. Rb3 Be1 21. Rb1 Bc3 22. Rb3 Be1 23.
Rb1 Bc3 1/2-1/2

[Event "Yingmei Cup CHN-chT 2017"]
[Site "?"]
[Date "2017.08.21"]
[Round "15"]
[White "Ju, Wenjun"]
[Black "Guo, Qi"]
[Result "1-0"]
[WhiteElo "2596"]
[BlackElo "2413"]
[Annotator "TA"]
[PlyCount "125"]
[EventDate "2017.??.??"]
[SourceTitle "Wuxi"]

1. d4 d5 2. c4 e6 3. Nf3 Nf6 4. Nc3 Be7 5. Bf4 O-O 6. e3 Nbd7 7. c5 Nh5 8. Bd3
{[%emt 0:00:05] D37: Queen's Gambit Declined: Bf4} Nxf4 9. exf4 c6 10. O-O (10.
Qc2 h6 11. O-O Qc7 12. Ne5 Nxe5 13. fxe5 Bd7 14. a3 b6 15. b4 bxc5 16. bxc5 {
0-1 (40) Giri,A (2775)-Radjabov,T (2724) Geneve 2017}) 10... b6 11. b4 a5 12.
a3 Qc7 {LiveBook: 103 Games} 13. g3 Ba6 14. h4 (14. Bxa6 Rxa6 15. Qd3 Ra7 {
1/2-1/2 (46) Ju,W (2568)-Guo,Q (2436) China 2016}) 14... h6 $146 ({Predecessor:
} 14... Bf6 15. Ne5 Bxe5 16. fxe5 {1-0 (67) Pashikian,A (2611)-Harutyunian,T 
(2462) Yerevan 2016}) 15. Re1 Bxd3 16. Qxd3 Rfe8 17. Kg2 Bf8 18. Ne5 b5 19. h5
Be7 20. Ne2 Nf8 (20... Reb8 $11 {remains equal.}) 21. Ng1 (21. a4 $1 $16) 21...
axb4 22. axb4 Qb7 23. Ngf3 Rxa1 24. Rxa1 Ra8 $1 25. Qc3 Ra6 26. Nd2 Qa8 27. Nb3
{Strongly threatening Rxa6.} f6 $1 28. Nf3 (28. Nd3 {feels hotter.} Bd8 29.
Rxa6 Qxa6 30. Qa1 Qb7 31. Nd2) 28... Rxa1 29. Nxa1 Qa4 30. Nc2 Bd8 31. Ne3 Bc7
(31... Qa7 $14) 32. Ng4 (32. f5 $16) 32... Qa8 33. Ne3 (33. Nh4 $14) 33... Nd7
(33... Qa4 $1 $11) 34. Qc2 (34. Qe1 $16 Nf8 35. Qb1) 34... Nf8 (34... f5 $1 $11
) 35. Nh4 $16 Qe8 36. Qe2 Qf7 ({Black should play} 36... Bd8 $14) 37. f5 $1 $18
e5 38. Ng6 $1 Qd7 (38... Nxg6 $16 39. fxg6 (39. hxg6 Qe7 $11) 39... Qd7) 39.
Qd3 (39. dxe5 $1 $18 {has better winning chances.} Bxe5 40. Qa2) 39... exd4 $2
{[#]} (39... Bd8 $16) 40. Nc2 $1 Nxg6 41. hxg6 Qe8 (41... Be5 $142 42. f4 Kf8
43. fxe5 fxe5) 42. Nxd4 Be5 43. Ne6 Qa8 44. Qe2 Qa1 45. f4 Qb2 46. Qxb2 Bxb2 {
Endgame [#] KB-KN} 47. Nd8 $1 Bc3 48. Nxc6 Kf8 49. Na7 {c6 would kill now.}
Bxb4 50. c6 {Threatening mate with c7.} Ba5 51. Nxb5 Ke7 52. Nd4 Kd6 53. Ne6
Kxc6 54. Nxg7 Kd7 55. Ne6 Ke7 56. g4 Bb6 57. Kf3 Ba7 58. Nc7 Kf8 59. Nxd5 Kg7
60. Kg3 (60. Nc7 $142 Kg8 61. Ne8) 60... Bd4 61. Kh4 {White mates.} Bb2 62. Kh5
Bc1 63. Nc7 {Precision: White = 58%, Black = 26%.} 1-0